| 000 | 00909nas a2200313 4500 | ||
|---|---|---|---|
| 001 | BR2011006467 | ||
| 003 | BR-BrBNA | ||
| 005 | 20231205115657.0 | ||
| 007 | ta | ||
| 008 | 230509b bl.|||p| |||| 00| 00por d | ||
| 040 |
_aBR-BrBNA _bpor _cBiblioteca Nacional de Agricultura |
||
| 041 | _a(Pt) | ||
| 072 | _aF01 | ||
| 100 | 1 | _aMoreira, R.A. | |
| 100 | 1 | _aRamos, J.D. | |
| 100 | 1 | _aMarques, V.B. | |
| 100 | 1 | _aAraújo, N.A. de | |
| 100 | 1 | _aMelo, P.C. de | |
| 245 | 1 | _aCrescimento de pítaia vermelha com adubação orgânica e granulado bioclástico | |
| 650 | _aCACTACEAE | ||
| 650 | _aADUBAÇÃO | ||
| 650 | _aADUBO ORGÂNICO | ||
| 650 | _aALGA CALCAREA | ||
| 650 | _aNUTRIÇÃO VEGETAL | ||
| 650 | _aSÃO PAULO | ||
| 773 | 0 |
_tCiência Rural (Brazil) _xISSN 0103-8478 _g(May 2011), v. 41(5) p. 785-788 _wBR2011006467 |
|
| 909 |
_a202311 _bLúcia _c55 _dLúcia Elande |
||
| 942 |
_2AGRIS _n0 _cANA |
||
| 999 |
_c215183 _d215183 |
||